Central Library OPAC University of Rajshahi

আধুনিক পরিসংখ্যান / (Record no. 38157)

MARC details
000 -LEADER
fixed length control field 00766nam a22002177a 4500
001 - CONTROL NUMBER
control field 38157
003 - CONTROL NUMBER IDENTIFIER
rucl marc code BD-RjUL
005 - DATE AND TIME OF LATEST TRANSACTION
control field 20211209052735.0
008 - FIXED-LENGTH DATA ELEMENTS--GENERAL INFORMATION
fixed length control field 150919b xxu||||| |||| 00| 0 eng d
035 ## - SYSTEM CONTROL NUMBER
System control number (BD-RjUL)38262
040 ## - CATALOGING SOURCE
Original cataloging agency BD-RjUL
Language of cataloging ben
Transcribing agency BD-RjUL
041 ## - LANGUAGE CODE
Language code of text/sound track or separate title ben
082 ## - DEWEY DECIMAL CLASSIFICATION NUMBER
Classification number 519.5
Author mark and year AHA 1979
100 ## - MAIN ENTRY--PERSONAL NAME
Personal name আহমদ, শফিউদ্দিন
9 (RLIN) 118066
245 10 - TITLE STATEMENT
Title আধুনিক পরিসংখ্যান /
Statement of responsibility, etc. শফিউদ্দিন আহমদ
260 ## - PUBLICATION, DISTRIBUTION, ETC. (IMPRINT)
Place of publication, distribution, etc. ঢাকা :
Name of publisher, distributor, etc. রিসাত,
Date of publication, distribution, etc. ১৯৭৯
300 ## - PHYSICAL DESCRIPTION
Pagination ৪২৪ পৃ. :
Illustrations চিত্র ;
Size ২১ সেমি.
650 ## - SUBJECT ADDED ENTRY--TOPICAL TERM
Topical term or geographic name as entry element গাণিতিক পরিসংখ্যান
9 (RLIN) 117077
Topical term or geographic name as entry element Mathematical Statistics
9 (RLIN) 118067
942 ## - ADDED ENTRY ELEMENTS (KOHA)
Source of classification or shelving scheme Dewey Decimal Classification
Koha item type Books
Holdings
Lost status Source of classification or shelving scheme Damaged status Not for loan Collection code Permanent Location Current Location Shelving location Date acquired Source of acquisition Cost, normal purchase price Total Checkouts Full call number Date last seen Date checked out Copy number Koha item type
  Dewey Decimal Classification     Non-fiction Central Library, University of Rajshahi Central Library, University of Rajshahi   22/11/1979 Accounting Dept, R.U. 50.00 2 B 519.5 AHA 1979 25/11/2025 12/11/2025 C-2 Books
  Dewey Decimal Classification     Non-fiction Central Library, University of Rajshahi Central Library, University of Rajshahi   22/11/1979 Lekhok, 50.00   B 519.5 AHA 1979 14/10/2015   C-3 Books
  Dewey Decimal Classification     Non-fiction Central Library, University of Rajshahi Central Library, University of Rajshahi   22/11/1979 Lekhok, 50.00 1 B 519.5 AHA 1979 19/11/2025 12/11/2025 C-4 Books
  Dewey Decimal Classification     Non-fiction Central Library, University of Rajshahi Central Library, University of Rajshahi   22/11/1979 Lekhok, 50.00 1 B 519.5 AHA 1979 28/02/2017 23/02/2017 C-5 Books
  Dewey Decimal Classification     Non-fiction Central Library, University of Rajshahi Central Library, University of Rajshahi   22/11/1979 Lekhok, 50.00   B 519.5 AHA 1979 14/10/2015   C-1 Books